Computational chemistry A practical guide for applying techniques to real - world problems

সংরক্ষণ করুন:
গ্রন্থ-পঞ্জীর বিবরন
প্রধান লেখক: David C. Young
বিন্যাস: গ্রন্থ
ভাষা:English
প্রকাশিত: New York John Wiley & Sons, InC 2001
বিষয়গুলি:
ট্যাগগুলো: ট্যাগ যুক্ত করুন
কোনো ট্যাগ নেই, প্রথমজন হিসাবে ট্যাগ করুন!
Thư viện lưu trữ: Trung tâm Học liệu Lê Vũ Hùng, Trường Đại học Đồng Tháp
LEADER 00718pam a22002178a 4500
001 00038739
005 20171026081025.0
008 170516s2001 ||||||engsd
041 0 # |a eng 
082 1 4 |a 540  |b C430CH 
100 1 # |a David C. Young 
245 1 0 |a Computational chemistry  |b A practical guide for applying techniques to real - world problems  |c David C. Young 
260 # # |a New York  |b John Wiley & Sons, InC  |c 2001 
300 # # |a 381tr. 
653 # # |a chemistry  |a Computational 
852 # # |b Kho mượn  |j KM.0021957 
852 # # |b Kho đọc  |j KD.0020909 
852 # # |j KD.0020909  |j KM.0021957 
910 |d 16/05/2017 
980 # # |a Trung tâm Học liệu Lê Vũ Hùng, Trường Đại học Đồng Tháp